000
00334nam a2200133Ia 4500
008
240624s9999 xx 000 0 und d
041
_a
eng
082
_a
371.3 GAR
100
_a
GARRISON RANDY
245
_a
BLENDED LEARNING IN HIGHER EDUCATION FRA
260
_c
2007
_a
New Jersey
_b
Jossey-Bass
300
_a
272 : p.
365
_c
_b
25
999
_c
20245
_d
20245